| 000 | 00724nam a2200301Ia 4500 | ||
|---|---|---|---|
| 008 | 190123s9999 xx 000 0 und d | ||
| 020 | _a9780545630870 | ||
| 050 | _bH513 2013 | ||
| 100 | _aHenkes, Kevin | ||
| 245 | 0 | _aPenny and the marble / | |
| 245 | 0 | _cby Kevin Henkes. | |
| 260 | _aNew York, New York : | ||
| 260 | _bScholastic, | ||
| 260 | _c2013 | ||
| 300 | _a48 pages : | ||
| 300 | _bcolored illustrations ; | ||
| 300 | _c23cm. | ||
| 440 | _aI can read! ; | ||
| 440 | _vbeginning reading 1. | ||
| 500 | _a350L | ||
| 650 | _aConscience. | ||
| 650 | _aGuilt. | ||
| 650 | _aHappiness. | ||
| 650 | _aImagination. | ||
| 650 | _aMothers and daughters. | ||
| 700 | _aSeries. | ||
| 700 | _aTitle. | ||
| 999 |
_c361061 _d361061 |
||